000 00946naa a22002897a 4500
001 BR7803925
003 BR-BrBNA
005 20240918174112.0
007 ta
008 230509b bl.||||| |||| 00| 0 por d
040 _aBR-BrBNA
_bpor
_cBiblioteca Nacional de Agricultura
041 _a(Pt)
072 _aF28; F40
_b/G514
090 _aF28 BR7803925
100 1 _aCoimbra Filho, A.F.
100 1 _aMartins, H.F.
245 1 _aSolucoes ecologicas para problemas hidraulico-florestais [Brasil]
260 3 _aGoiania, GO (Brasil):
_c1978.
500 _aEcologia. O homem e o meio ambiente Goiania, GO (Brasil): 1978. p. 29-48 (BR7803925-AM)F28
650 _aErosao do solo
650 _aEcologia
650 _aEquilibrio ecologico
650 _aReflorestamento
773 0 _tEcologia. O homem e o meio ambiente
_wF28 BR7803925
_gGoiania, GO (Brasil), 1978. p. 29-48
909 _a202404
_bLucia
_c55
_dLucia Elande
942 _cAM
_2AGRIS
999 _c308921
_d308921